Away from the Cities? A Medium-to-long-term Investigation of How the COVID-19 Pandemic Has Changed Population Spatial Patterns in Italy
Skúmanie strednodobého a dlhodobého vplyvu koronavíru na pohyb talianskeho obyvateľstva v rámci mestsko-vidieckeho spektra. Autori sa snažia zistiť, či trendy pozorované na začiatku pandémie pretrvávajú aj v priebehu času. Na základe toho využívjú údaje o aktívnych používateľoch Facebooku a priemern...
Salvato in:
| Autore principale: | |
|---|---|
| Altri autori: | , |
| Natura: | Capitolo di libro |
| Lingua: | inglese |
| Soggetti: | |
| Tags: |
Nessun Tag, puoi essere il primo ad aggiungerne!!
|
MARC
| LEADER | 00000naa a2200000 4500 | ||
|---|---|---|---|
| 001 | 0310759 | ||
| 005 | 20250611120214.8 | ||
| 041 | 0 | |a eng | |
| 044 | |a GB | ||
| 245 | 1 | 0 | |a Away from the Cities? A Medium-to-long-term Investigation of How the COVID-19 Pandemic Has Changed Population Spatial Patterns in Italy |c Laura Silva, Franco Bonomi Bezzo, Fabio Manfredini ...[et al.] |
| 520 | |a Skúmanie strednodobého a dlhodobého vplyvu koronavíru na pohyb talianskeho obyvateľstva v rámci mestsko-vidieckeho spektra. Autori sa snažia zistiť, či trendy pozorované na začiatku pandémie pretrvávajú aj v priebehu času. Na základe toho využívjú údaje o aktívnych používateľoch Facebooku a priemerných cenách nájomného na znázornenie dočasných presťahovaní. Tento prístup umožňuje získať komplexné pochopenie vzorcov mobility a zároveň zohľadniť krátkodobé aj dlhodobé výkyvy. | ||
| 610 | 2 | 0 | |a koronavírus |
| 610 | 2 | 0 | |a priestor |
| 610 | 2 | 0 | |a mestá |
| 610 | 2 | 0 | |a vidiek |
| 610 | 2 | 0 | |a pohyb obyvateľstva |
| 610 | 2 | 0 | |a Taliansko |
| 100 | 1 | |a Silva, Laura | |
| 700 | 1 | |a Bezzo, Franco Bonomi | |
| 700 | 1 | |a Manfredini, Fabio | |